000 00860nam a22002417a 4500
999 _c6189
_d6189
003 AR-CdUCM
008 190313b ||||| |||| 00| 0 spa d
040 _aMUNICIPALIDAD PROVINCIAL DEL CUSCO
_cBIBLIOTECA MUNICIPAL DEL CUSCO
041 _hque
082 _a498.515 /
_bIN59
110 _aInstituto nacional de cultura Cusco
_99277
245 _aAntología poética :
_bEn quechua /
260 _aCusco :
_bInstituto nacional de cultura Cusco,
_c2006.
300 _a111 páginas ;
_c21 cm.
500 _aPremio regional de cultura 2006
505 _aContenido: Añoranza -- Cóndor -- Saqsaywaman...
650 _aPoesía en quechua
_914833
650 _aPoesía siglo XXI
_95521
650 _aPoesía peruana
_911982
710 _aInstituto nacional de cultura Cusco
_tAntología poética en quechua
_917873
942 _2ddc
_cLIBROS
945 _aJavier